Concise international and European IP law : (Record no. 21995)
[ view plain ]
| 000 -LEADER | |
|---|---|
| fixed length control field | 01107cam a22002775a 4500 |
| 001 - CONTROL NUMBER | |
| control field | 16749120 |
| 005 - DATE AND TIME OF LATEST TRANSACTION | |
| control field | 20160721114147.0 |
| 008 - FIXED-LENGTH DATA ELEMENTS--GENERAL INFORMATION | |
| fixed length control field | 110425s2011 ne fr 001 0 eng d |
| 020 ## - INTERNATIONAL STANDARD BOOK NUMBER | |
| International Standard Book Number | 9789041134202 |
| 040 ## - CATALOGING SOURCE | |
| Original cataloging agency | DLC |
| Transcribing agency | DLC |
| Modifying agency | DLC |
| -- | EG-ScBUE |
| Language of cataloging | eng |
| 082 04 - DEWEY DECIMAL CLASSIFICATION NUMBER | |
| Edition number | 22 |
| Classification number | 346.24048 |
| Item number | CON |
| 245 00 - TITLE STATEMENT | |
| Title | Concise international and European IP law : |
| Remainder of title | TRIPS, Paris Convention, European enforcement and transfer of technology / |
| Statement of responsibility, etc | edited by Thomas Cottier, Pierre Veron. |
| 250 ## - EDITION STATEMENT | |
| Edition statement | 2nd ed. |
| 260 ## - PUBLICATION, DISTRIBUTION, ETC. (IMPRINT) | |
| Place of publication, distribution, etc | Alphen aan den Rijn : |
| Name of publisher, distributor, etc | Kluwer Law International ; |
| Place of publication, distribution, etc | Frederick : |
| Name of publisher, distributor, etc | Sold and distributed in North, Central and South America by Aspen Pub., |
| Date of publication, distribution, etc | c.2011. |
| 300 ## - PHYSICAL DESCRIPTION | |
| Extent | xiv, 669 p. ; |
| Dimensions | 19 cm. |
| 490 0# - Series Statement | |
| Series statement | Concise IP. |
| 500 ## - GENERAL NOTE | |
| General note | Index : p. 645-669. |
| 650 #7 - SUBJECT ADDED ENTRY--TOPICAL TERM | |
| Topical term or geographic name as entry element | Intellectual property |
| Geographic subdivision | European Union countries. |
| Source of heading or term | BUEsh |
| 9 (RLIN) | 40373 |
| 650 #7 - SUBJECT ADDED ENTRY--TOPICAL TERM | |
| Topical term or geographic name as entry element | Intellectual property (International law) |
| Source of heading or term | BUEsh |
| 9 (RLIN) | 40374 |
| 650 #7 - SUBJECT ADDED ENTRY--TOPICAL TERM | |
| Topical term or geographic name as entry element | Copyright |
| Geographic subdivision | European Union countries. |
| Source of heading or term | BUEsh |
| 9 (RLIN) | 40375 |
| 651 ## - SUBJECT ADDED ENTRY--GEOGRAPHIC NAME | |
| Source of heading or term | BUEsh |
| 653 ## - INDEX TERM--UNCONTROLLED | |
| Resource For college | Law |
| Arrived date list | July2016 |
| 700 1# - ADDED ENTRY--PERSONAL NAME | |
| Personal name | Cottier, Thomas, |
| Relator term | editor. |
| 700 1# - ADDED ENTRY--PERSONAL NAME | |
| Personal name | Veron, Pierre, |
| Relator term | editor. |
| 942 ## - ADDED ENTRY ELEMENTS (KOHA) | |
| Source of classification or shelving scheme | Dewey Decimal Classification |
| Withdrawn status | Item status | Source of classification or shelving scheme | Damaged status | Not for loan | Vendor | Home library | Current library | Shelving location | Date acquired | Source of acquisition | Cost, normal purchase price | Serial Enumeration / chronology | Total Checkouts | Total Renewals | Full call number | Barcode | Date last seen | Date last borrowed | Cost, replacement price | Koha item type |
|---|---|---|---|---|---|---|---|---|---|---|---|---|---|---|---|---|---|---|---|---|
| Dewey Decimal Classification | Baccah | Central Library | Central Library | First floor | 21/07/2016 | Purchase | 760.00 | 26080 | 1 | 3 | 346.24048 CON | 000032973 | 15/07/2025 | 21/10/2019 | 950.00 | Book - Borrowing |